000 00624nam a22001577a 4500
005 20251108165216.0
008 250721s1994 xx 000 0 ara d
082 1 4 _a922.1/حجر
100 1 _aإبن حجر العسقلاني، شهاب الدين أبو الفضل أحمد
245 1 0 _aكتاب الرحمة الغيثية بالترجمة الليثية في مناقب سيدنا و مولانا الإمام الليث بن سعد رضي الله عنه0000 /
264 1 _aالقاهرة :
_bمكتبة الأداب،
_c1994.
300 _a198ص
650 1 7 _aالتراجم
942 _2ddc
_cBK
999 _c22190
_d22190